Bauhaus 1919-1933.
Bewaard in:
| Hoofdauteur: | |
|---|---|
| Coauteur: | |
| Formaat: | Boek |
| Gepubliceerd in: |
Köln, Alemania:
Taschen,
2019.
|
| Onderwerpen: | |
| Tags: |
Voeg label toe
Geen labels, Wees de eerste die dit record labelt!
|
MARC
| LEADER | 00000nam a22000007a 4500 | ||
|---|---|---|---|
| 003 | CL-VaPUC | ||
| 005 | 20250321101926.0 | ||
| 008 | 250120t2019 ||||| |||| 00| 0 eng d | ||
| 999 | |c 446675 |d 446673 | ||
| 020 | |a 978-3-8365-7280-4 | ||
| 040 | |c Pontificia Universidad Católica de Valparaíso | ||
| 082 | |2 22 |a 709.43 DRO 2019 | ||
| 100 | |a Droste, Magdalena |9 303493 |e autora | ||
| 245 | |a Bauhaus 1919-1933. | ||
| 260 | |a Köln, Alemania: |b Taschen, |c 2019. | ||
| 300 | |a 549 páginas; |b ilustraciones. | ||
| 500 | |a c.1-c.3. Instituto Arcos 8-1-2025. | ||
| 583 | |k GC |c 20230424 | ||
| 610 | 0 | |9 881772 |a Bauhaus |x Escuela de arte y arquitectura |v Recopilación documental |y 1919-1933 |z Weimar, Alemania | |
| 650 | 0 | |9 430413 |a Escuelas de arte |x Historia académica |y Siglos 19 y 21 |z Weimar, Alemania | |
| 710 | |a Bauhaus-archiv berlin |e editor |9 895633 | ||
| 942 | |2 ddc |c BK |n 0 | ||
| 952 | |0 0 |1 0 |2 ddc |4 0 |6 709_430000000000000_DRO_2019 |7 0 |8 A |9 599588 |a BIBINC |b BIBINC |d 2025-01-20 |e Instituto Arcos |i 5664599 |l 1 |o 709.43 DRO 2019 |p 5664599 |r 2025-03-19 |s 2025-03-19 |t 1 |w 2025-01-20 |y BK |k IFP | ||
| 952 | |0 0 |1 0 |2 ddc |4 0 |6 709_430000000000000_DRO_2019 |7 0 |8 A |9 599589 |a BIBINC |b BIBINC |d 2025-01-20 |e Instituto Arcos |i 5664600 |l 1 |o 709.43 DRO 2019 |p 5664600 |r 2025-03-26 |s 2025-03-26 |t 2 |w 2025-01-20 |y BK |k IFP | ||
| 952 | |0 0 |1 0 |2 ddc |4 0 |6 709_430000000000000_DRO_2019 |7 0 |8 A |9 601430 |a BIBINC |b BIBINC |d 2025-01-20 |e Instituto Arcos |i 5666364 |l 1 |o 709.43 DRO 2019 |p 5666364 |r 2025-04-25 |s 2025-04-21 |t 3 |w 2025-01-20 |y BK |k IFP | ||